00540 a2200157 45000010006000000050017000060080041000230030015000640400040000790800092001192450082002112640033002933000024003260410008003501000024003586183920260407155910.0260407a1969 arg spa dAR-UNSa-BCEJYS aAR-UNSa-BCEJYSbspacAR-UNSa-BCEJYS a347.42xEfectos de las obligaciones. Cumplimiento. Incumplimiento. Errores. Negligencia10aAbuso del derecho, lesión e imprevisiónpen la reforma del Código Civil 1aBuenos Aires :bAstreac1969 axvi, 265 p.c24 cm. aspa1 aMolina, Juan Carlos